| 000 | 00456nam a22001697a 4500 | ||
|---|---|---|---|
| 003 | OSt | ||
| 005 | 20140310182158.0 | ||
| 008 | 130902t xxu||||| |||| 00| 0 eng d | ||
| 020 | _a9781859678404 | ||
| 050 |
_aTX724.5 _b.D653 1998 |
||
| 082 |
_aHS 641.51 _bDo67 1998 |
||
| 245 |
_aQuick and easy Chinese Kitchen _cLinda Doeser. |
||
| 260 |
_aLondon : _b Lorenz Books, _cc1998. |
||
| 300 |
_a96 p. : _bill. ; _c28 cm. |
||
| 942 |
_2lcc _cHS |
||
| 999 |
_c10152 _d10152 |
||